000 00479nam a2200181Ia 4500
001 704
005 20260306140537.0
008 260306t2013||||xx |||||||||||||| ||spa||
041 _aESP
082 _a142.7
_bH97A
100 _aHusserl, Edmund
_eAUT
245 0 _aIdeas relativas a una fenomenología pura y una filosofía fenomenologíca :
_blibro primero
260 _c2013
300 _a808 páginas :
_c22 cm.
650 _aGEN
654 _aCHU
942 _cLIB
_dJUS
_fJUS
_2ddc
_n
999 _c704
_d704